The crisis of empire in Mughal North India : (Record no. 75102)

MARC details
000 -LEADER
fixed length control field 00731nam a22002177a 4500
005 - DATE AND TIME OF LATEST TRANSACTION
control field 20130506110002.0
010 ## - LCCN (DPL NO)
LC control number ENG-106975
020 ## - INTERNATIONAL STANDARD BOOK NUMBER
International Standard Book Number 9780198077411
Terms of availability 450.00
020 ## - INTERNATIONAL STANDARD BOOK NUMBER
International Standard Book Number 0198077416
Terms of availability 450.00
035 ## - SYSTEM CONTROL NUMBER
System control number EN-90508
037 ## - SOURCE OF ACQUISITION
Source of stock number/acquisition DBAD/PUB
082 ## - DEWEY DECIMAL CLASSIFICATION NUMBER
Classification number 954.029
100 1# - MAIN ENTRY--PERSONAL NAME
Personal name Alam, Muzaffar
Dates associated with a name 1947-
245 10 - TITLE STATEMENT
Title The crisis of empire in Mughal North India :
Statement of responsibility, etc by Muzaffar Alam
Remainder of title Awadh and the Punjab 1707-1748 /
250 ## - EDITION STATEMENT
Edition statement 2nd ed
260 ## - PUBLICATION, DISTRIBUTION, ETC. (IMPRINT)
Place of publication, distribution, etc New Delhi
Name of publisher, distributor, etc Oxford University Press
Date of publication, distribution, etc 2013
270 ## - ADDRESS
Address YMCA Library Building, 1 Jai Singh Road
City New Delhi
Postal code 110001
300 ## - PHYSICAL DESCRIPTION
Extent xviii,382p.:
Dimensions 22cm(pbk)
Other physical details maps
500 ## - GENERAL NOTE
General note Includes bibliographical references and index
942 ## - ADDED ENTRY ELEMENTS (KOHA)
Source of classification or shelving scheme Dewey Decimal Classification
Item type English Books
Call number suffix ALA
Classification part 954.029
Holdings
Withdrawn status Lost status Not for loan Collection code Home library Current library Date acquired Source of acquisition Cost, normal purchase price Full call number Barcode Copy number Cost, replacement price Koha item type
    Not For Loan Non-fiction D.B.Act.Division D.B.Act.Division 03/05/2013 DBAD/PUB 450.00 954.029 ALA EN-90508 1 450.00 English Books

© Delhi Public Library
Hit Counter
free hit counter